| 000 | 00613nam a2200181 a 4500 | ||
|---|---|---|---|
| 001 | 4247 | ||
| 003 | CDMR | ||
| 005 | 20151016130001.0 | ||
| 008 | 130130s2003||||||||||||||||||||||||||||d | ||
| 040 |
_aCDMR _bcat _cCPC GIRONA |
||
| 100 | 1 |
_94185 _aCongost, Rosa |
|
| 245 | 0 |
_aEnsenyar a pensar històricament _b: el llegat de Pierre Vilar : Lliçó inaugural de la Dra. Rosa Congost a l'acte d'inauguració del curs 2003-04 de la Universitat de Girona |
|
| 260 |
_c2003 _bUniversitat de Girona _aGirona |
||
| 300 | _a32 p. | ||
| 490 | 0 |
_aTextos escollits _v3 |
|
| 710 | 2 |
_93937 _aUniversitat de Girona |
|
| 942 |
_cMON _2udc |
||
| 999 |
_c4247 _d4247 |
||